000 00812cam a2200217 4500
001 ABS63718
008 000000n2001 000 0 eng u
035 _a(Sirsi) u111372
100 _aJacoby, C.
245 _aPower to the people
260 _c2001
490 _aEstates Gazette
_v(0109) 3 March 2001, 108-110(3)
520 _aSuggests that co-location centres remain a firm favourite of foreign investors, and Europe's fringes are the most appropriate location for these enterprises. Goes on to contend that mixed-use industrial estates are another promising, burgeoning sector for would-be investors. Diagrams.
590 _aABS
650 _aEUROPE
650 _aCO-LOCATION CENTRES
650 _aMIXED-USE DEVELOPMENTS
650 _aINDUSTRIAL ESTATES
690 _aINVESTMENT
942 _n0
999 _c66349
_d66349